[Event "RUS-ch Men Blitz 2019"]
[Site "Sochi"]
[Date "2019.10.17"]
[Round "11.14"]
[White "Vastrukhin, Oleg"]
[Black "Kokarev, Dmitry"]
[Result "1/2-1/2"]
[WhiteElo "2428"]
[BlackElo "2593"]
[Annotator "ChessBase"]
[PlyCount "146"]
[EventDate "2019.10.17"]
[EventType "swiss"]
[EventCountry "RUS"]
[SourceTitle "playchess.com"]
[Source "ChessBase"]
[SourceQuality "1"]
[TimeControl "180+2"]

1. g3 {[%emt 0:00:00]} g6 {[%emt 0:00:00]} 2. Bg2 {[%emt 0:00:00]} Bg7 {[%emt 0:00:00]} 3. c4 {[%emt 0:00:01]} c5 {[%emt 0:00:01]} 4. Nc3 {[%emt 0:00:01]} Nc6 {[%emt 0:00:01]} 5. e3 {[%emt 0:00:01]} d6 {[%emt 0:00:02]} 6. Nge2 e5 {[%emt 0:00:06]} 7. O-O {[%emt 0:00:11]} Nge7 {[%emt 0:00:01]} 8. a3 {[%emt 0:00:07]} O-O {[%emt 0:00:04]} 9. d3 {[%emt 0:00:01]} Rb8 {[%emt 0:00:07]} 10. Rb1 {[%emt 0:00:04]} a5 {[%emt 0:00:01]} 11. Bd2 {[%emt 0:00:04]} Be6 {[%emt 0:00:06]} 12. Nd5 {[%emt 0:00:03]} b5 {[%emt 0:00:02]} 13. Nec3 {[%emt 0:00:16]} bxc4 {[%emt 0:00:15]} 14. dxc4 {[%emt 0:00:02]} f5 {[%emt 0:00:01]} 15. Nxe7+ {[%emt 0:00:10]} Nxe7 {[%emt 0:00:02]} 16. Nd5 {[%emt 0:00:01]} Nxd5 {[%emt 0:00:05]} 17. cxd5 {[%emt 0:00:28]} Bd7 {[%emt 0:00:01]} 18. Bc3 {[%emt 0:00:01]} a4 {[%emt 0:00:08]} 19. Qd2 {[%emt 0:00:30]} Rb3 {[%emt 0:00:05]} 20. Rfe1 {[%emt 0:00:10]} Bb5 {[%emt 0:00:04]} 21. Rbc1 {[%emt 0:00:02]} Qd7 {[%emt 0:00:10]} 22. Bf1 {[%emt 0:00:06]} Bxf1 {[%emt 0:00:05]} 23. Kxf1 {[%emt 0:00:01]} e4 {[%emt 0:00:10]} 24. Bxg7 {[%emt 0:00:22]} Kxg7 {[%emt 0:00:01]} 25. Rc3 {[%emt 0:00:10]} Rfb8 {[%emt 0:00:02]} 26. Rxb3 {[%emt 0:00:18]} Rxb3 {[%emt 0:00:03]} 27. Kg2 {[%emt 0:00:02]} Rd3 {[%emt 0:00:07]} 28. Qc2 {[%emt 0:00:05]} Rxd5 {[%emt 0:00:03]} 29. b3 {[%emt 0:00:10]} axb3 {[%emt 0:00:05]} 30. Qxb3 {[%emt 0:00:01]} Rd3 {[%emt 0:00:02]} 31. Qb2+ {[%emt 0:00:01]} Kh6 {[%emt 0:00:02]} 32. Ra1 {[%emt 0:00:03]} d5 {[%emt 0:00:25]} 33. Qf6 {[%emt 0:00:09]} d4 {[%emt 0:00:10]} 34. Qf8+ {[%emt 0:00:18]} Qg7 {[%emt 0:00:11]} 35. Qxg7+ {[%emt 0:00:04]} Kxg7 {[%emt 0:00:01]} 36. a4 {[%emt 0:00:06]} dxe3 {[%emt 0:00:02]} 37. fxe3 {[%emt 0:00:00]} Rd2+ {[%emt 0:00:00]} 38. Kg1 {[%emt 0:00:04]} Rd6 {[%emt 0:00:16]} 39. a5 {[%emt 0:00:00]} Ra6 {[%emt 0:00:01]} 40. Kf1 {[%emt 0:00:01]} Kf6 {[%emt 0:00:01]} 41. Ke2 {[%emt 0:00:01]} Ke5 {[%emt 0:00:01]} 42. Kd2 {[%emt 0:00:01]} Kd5 {[%emt 0:00:01]} 43. Kc3 {[%emt 0:00:01]} g5 {[%emt 0:00:07]} 44. Rf1 {[%emt 0:00:06]} f4 {[%emt 0:00:13]} 45. gxf4 {[%emt 0:00:04]} Rxa5 {[%emt 0:00:09]} 46. Rd1+ {[%emt 0:00:02]} Kc6 {[%emt 0:00:08]} 47. fxg5 {[%emt 0:00:01]} Ra3+ {[%emt 0:00:00]} 48. Kd2 {[%emt 0:00:02]} Ra2+ {[%emt 0:00:01]} 49. Kc3 {[%emt 0:00:01]} Rxh2 {[%emt 0:00:02]} 50. Rf1 {[%emt 0:00:03]} Re2 {[%emt 0:00:02]} 51. Rh1 {[%emt 0:00:03]} Kd5 {[%emt 0:00:08]} 52. Rxh7 {[%emt 0:00:01]} Rxe3+ {[%emt 0:00:01]} 53. Kd2 {[%emt 0:00:01]} Rg3 {[%emt 0:00:01]} 54. Rg7 {[%emt 0:00:03]} Kd4 {[%emt 0:00:00]} 55. Rd7+ {[%emt 0:00:02]} Ke5 {[%emt 0:00:01]} 56. Rc7 {[%emt 0:00:02]} Kd4 {[%emt 0:00:09]} 57. Rd7+ {[%emt 0:00:00]} Kc4 {[%emt 0:00:01]} 58. Rg7 {[%emt 0:00:01]} e3+ {[%emt 0:00:08]} 59. Ke2 {[%emt 0:00:01]} Kc3 {[%emt 0:00:04]} 60. g6 {[%emt 0:00:01]} c4 {[%emt 0:00:00]} 61. Rg8 {[%emt 0:00:02]} Kc2 {[%emt 0:00:01]} 62. g7 {[%emt 0:00:04]} c3 {[%emt 0:00:01]} 63. Ke1 {[%emt 0:00:05]} Rg2 {[%emt 0:00:02]} 64. Kf1 {[%emt 0:00:02]} e2+ 65. Ke1 Rg6 {[%emt 0:00:19]} 66. Kxe2 {[%emt 0:00:02]} Re6+ {[%emt 0:00:01]} 67. Kf3 {[%emt 0:00:00]} Re7 {[%emt 0:00:00]} 68. Kf4 {[%emt 0:00:04]} Kc1 {[%emt 0:00:03]} 69. Kf5 {[%emt 0:00:00]} c2 {[%emt 0:00:01]} 70. Kf6 {[%emt 0:00:01]} Rxg7 {[%emt 0:00:02]} 71. Rxg7 {[%emt 0:00:02]} Kb2 {[%emt 0:00:01]} 72. Rg2 {[%emt 0:00:01]} Kb1 {[%emt 0:00:01]} 73. Rxc2 {[%emt 0:00:00]} Kxc2 1/2-1/2

[Event "RUS-ch Men Blitz 2019"]
[Site "Sochi"]
[Date "2019.10.17"]
[Round "11.15"]
[White "Rozum, Ivan"]
[Black "Oganian, Miran"]
[Result "1/2-1/2"]
[WhiteElo "2599"]
[BlackElo "2436"]
[Annotator "ChessBase"]
[PlyCount "169"]
[EventDate "2019.10.17"]
[EventType "swiss"]
[EventCountry "RUS"]
[SourceTitle "playchess.com"]
[Source "ChessBase"]
[SourceQuality "1"]
[TimeControl "180+2"]

1. Nf3 {[%emt 0:00:00]} d5 {[%emt 0:00:00]} 2. b3 {[%emt 0:00:00]} Bg4 {[%emt 0:00:02]} 3. e3 {[%emt 0:00:02]} Nd7 4. Bb2 {[%emt 0:00:03]} Ngf6 {[%emt 0:00:10]} 5. h3 {[%emt 0:00:01]} Bh5 {[%emt 0:00:03]} 6. d3 {[%emt 0:00:03]} c6 {[%emt 0:00:05]} 7. g4 {[%emt 0:00:04]} Bg6 {[%emt 0:00:01]} 8. Nh4 {[%emt 0:00:14]} e5 {[%emt 0:00:02]} 9. Bg2 {[%emt 0:00:08]} Bd6 {[%emt 0:00:12]} 10. Nd2 {[%emt 0:00:02]} Qe7 {[%emt 0:00:13]} 11. Qe2 {[%emt 0:00:12]} a5 {[%emt 0:00:15]} 12. a3 {[%emt 0:00:02]} Ng8 {[%emt 0:00:19]} 13. Nxg6 {[%emt 0:00:06]} hxg6 {[%emt 0:00:01]} 14. O-O {[%emt 0:00:04]} g5 {[%emt 0:00:06]} 15. c4 {[%emt 0:00:10]} Ngf6 {[%emt 0:00:03]} 16. cxd5 {[%emt 0:00:07]} cxd5 {[%emt 0:00:02]} 17. Rfc1 {[%emt 0:00:04]} O-O {[%emt 0:00:13]} 18. Nf3 {[%emt 0:00:04]} Nh7 {[%emt 0:00:06]} 19. Nd2 {[%emt 0:00:27]} Nhf6 {[%emt 0:00:03]} 20. d4 {[%emt 0:00:07]} exd4 {[%emt 0:00:13]} 21. Bxd4 {[%emt 0:00:04]} Rfc8 {[%emt 0:00:21]} 22. Qb5 {[%emt 0:00:11]} Ne5 {[%emt 0:00:09]} 23. Bxd5 {[%emt 0:00:14]} Rxc1+ {[%emt 0:00:20]} 24. Rxc1 {[%emt 0:00:01]} Bxa3 {[%emt 0:00:02]} 25. Ra1 {[%emt 0:00:15]} Nxd5 {[%emt 0:00:22]} 26. Qxd5 {[%emt 0:00:01]} Nc6 {[%emt 0:00:05]} 27. Bc3 {[%emt 0:00:12]} Rd8 {[%emt 0:00:04]} 28. Qb5 {[%emt 0:00:02]} Bb2 {[%emt 0:00:16]} 29. Bxb2 {[%emt 0:00:04]} Rxd2 {[%emt 0:00:00]} 30. Bc3 Rd8 {[%emt 0:00:09]} 31. Bxa5 {[%emt 0:00:15]} Nxa5 {[%emt 0:00:01]} 32. Qxa5 {[%emt 0:00:02]} Rd7 {[%emt 0:00:03]} 33. Qb5 {[%emt 0:00:06]} g6 {[%emt 0:00:02]} 34. Qc4 {[%emt 0:00:14]} Kg7 {[%emt 0:00:01]} 35. Qc3+ {[%emt 0:00:01]} Qf6 {[%emt 0:00:01]} 36. Qxf6+ {[%emt 0:00:02]} Kxf6 {[%emt 0:00:01]} 37. Ra5 {[%emt 0:00:02]} Rd6 {[%emt 0:00:04]} 38. Rb5 {[%emt 0:00:01]} b6 {[%emt 0:00:01]} 39. Kg2 {[%emt 0:00:01]} Rc6 {[%emt 0:00:01]} 40. Kf3 {[%emt 0:00:01]} Re6 {[%emt 0:00:00]} 41. Kg3 {[%emt 0:00:05]} Rc6 {[%emt 0:00:01]} 42. h4 {[%emt 0:00:02]} gxh4+ {[%emt 0:00:01]} 43. Kxh4 {[%emt 0:00:00]} Rd6 {[%emt 0:00:02]} 44. g5+ {[%emt 0:00:03]} Ke6 {[%emt 0:00:01]} 45. Kg4 {[%emt 0:00:01]} Rc6 {[%emt 0:00:01]} 46. Kf4 {[%emt 0:00:01]} Kd6 {[%emt 0:00:01]} 47. Ke4 {[%emt 0:00:02]} Kc7 {[%emt 0:00:06]} 48. f4 {[%emt 0:00:08]} Rc3 {[%emt 0:00:02]} 49. Kd4 {[%emt 0:00:01]} Rc1 {[%emt 0:00:02]} 50. Ke5 {[%emt 0:00:02]} Rc6 {[%emt 0:00:03]} 51. e4 {[%emt 0:00:05]} Re6+ {[%emt 0:00:01]} 52. Kd4 {[%emt 0:00:01]} Kc6 {[%emt 0:00:06]} 53. Rd5 {[%emt 0:00:01]} Re8 {[%emt 0:00:03]} 54. b4 {[%emt 0:00:02]} b5 {[%emt 0:00:01]} 55. Rc5+ {[%emt 0:00:06]} Kb6 {[%emt 0:00:01]} 56. Rc1 {[%emt 0:00:06]} Ra8 {[%emt 0:00:04]} 57. Ke5 {[%emt 0:00:02]} Re8+ {[%emt 0:00:01]} 58. Kd4 {[%emt 0:00:02]} Rd8+ {[%emt 0:00:01]} 59. Ke3 {[%emt 0:00:00]} Ra8 {[%emt 0:00:03]} 60. f5 {[%emt 0:00:06]} Ra3+ {[%emt 0:00:04]} 61. Kf4 {[%emt 0:00:02]} Rb3 {[%emt 0:00:00]} 62. f6 {[%emt 0:00:06]} Rxb4 {[%emt 0:00:01]} 63. Rh1 {[%emt 0:00:02]} Rc4 {[%emt 0:00:02]} 64. Rh7 {[%emt 0:00:01]} Rc7 {[%emt 0:00:00]} 65. e5 {[%emt 0:00:01]} b4 {[%emt 0:00:01]} 66. e6 {[%emt 0:00:01]} Rc4+ {[%emt 0:00:02]} 67. Ke3 {[%emt 0:00:01]} fxe6 {[%emt 0:00:02]} 68. Kd3 {[%emt 0:00:05]} Rg4 {[%emt 0:00:06]} 69. f7 {[%emt 0:00:08]} Rf4 {[%emt 0:00:01]} 70. Rg7 {[%emt 0:00:02]} Kc5 {[%emt 0:00:03]} 71. Ke3 {[%emt 0:00:03]} e5 {[%emt 0:00:02]} 72. Kd3 {[%emt 0:00:01]} b3 {[%emt 0:00:03]} 73. Kc3 {[%emt 0:00:01]} Rf3+ {[%emt 0:00:01]} 74. Kb2 {[%emt 0:00:00]} Kd5 {[%emt 0:00:01]} 75. Rxg6 {[%emt 0:00:05]} Rxf7 {[%emt 0:00:01]} 76. Kxb3 {[%emt 0:00:00]} Kd4 {[%emt 0:00:01]} 77. Rg8 {[%emt 0:00:02]} e4 {[%emt 0:00:02]} 78. g6 {[%emt 0:00:01]} Rf3+ {[%emt 0:00:06]} 79. Kc2 {[%emt 0:00:02]} Ke3 {[%emt 0:00:01]} 80. g7 {[%emt 0:00:02]} Rg3 {[%emt 0:00:01]} 81. Kc3 {[%emt 0:00:04]} Ke2+ {[%emt 0:00:03]} 82. Kd4 {[%emt 0:00:01]} e3 {[%emt 0:00:01]} 83. Re8 {[%emt 0:00:05]} Rg4+ {[%emt 0:00:02]} 84. Re4 {[%emt 0:00:01]} Rxg7 {[%emt 0:00:03]} 85. Rxe3+ 1/2-1/2

[Event "RUS-ch Men Blitz 2019"]
[Site "Sochi"]
[Date "2019.10.17"]
[Round "11.16"]
[White "Belyakov, Bogdan"]
[Black "Popov, Valerij"]
[Result "1-0"]
[WhiteElo "2495"]
[BlackElo "2535"]
[Annotator "ChessBase"]
[PlyCount "64"]
[EventDate "2019.10.17"]
[EventType "swiss"]
[EventCountry "RUS"]
[SourceTitle "playchess.com"]
[Source "ChessBase"]
[SourceQuality "1"]
[TimeControl "180+2"]

1. e4 {[%emt 0:00:00]} e6 {[%emt 0:00:00]} 2. d4 {[%emt 0:00:00]} d5 {[%emt 0:00:00]} 3. Nc3 {[%emt 0:00:01]} Bb4 {[%emt 0:00:01]} 4. Nge2 {[%emt 0:00:01]} Nf6 {[%emt 0:00:02]} 5. Bg5 {[%emt 0:00:05]} dxe4 {[%emt 0:00:12]} 6. a3 {[%emt 0:00:02]} Be7 {[%emt 0:00:04]} 7. Bxf6 {[%emt 0:00:02]} gxf6 {[%emt 0:00:12]} 8. Nxe4 {[%emt 0:00:01]} b6 {[%emt 0:00:13]} 9. Qd3 {[%emt 0:00:09]} f5 {[%emt 0:00:20]} 10. N4c3 {[%emt 0:00:04]} Bb7 {[%emt 0:00:08]} 11. O-O-O {[%emt 0:00:14]} c6 {[%emt 0:00:26]} 12. h3 {[%emt 0:00:14]} h5 {[%emt 0:00:07]} 13. Rg1 {[%emt 0:00:09]} h4 {[%emt 0:00:10]} 14. g4 {[%emt 0:00:01]} hxg3 {[%emt 0:00:01]} 15. fxg3 {[%emt 0:00:01]} Nd7 {[%emt 0:00:04]} 16. g4 {[%emt 0:00:02]} fxg4 {[%emt 0:00:02]} 17. hxg4 {[%emt 0:00:04]} Qc7 {[%emt 0:00:16]} 18. g5 {[%emt 0:00:07]} O-O-O {[%emt 0:00:12]} 19. g6 {[%emt 0:00:01]} Ne5 {[%emt 0:00:05]} 20. Qe3 {[%emt 0:00:37]} Nxg6 {[%emt 0:00:01]} 21. Kb1 {[%emt 0:00:01]} c5 {[%emt 0:00:11]} 22. Nb5 {[%emt 0:00:24]} Qd7 {[%emt 0:00:16]} 23. Nf4 {[%emt 0:00:30]} cxd4 {[%emt 0:00:19]} 24. Rxd4 {[%emt 0:00:02]} Bc5 {[%emt 0:00:01]} 25. Qc3 {[%emt 0:00:19]} Qe7 {[%emt 0:00:03]} 26. Nxg6 {[%emt 0:00:16]} fxg6 {[%emt 0:00:01]} 27. Qg3 {[%emt 0:00:12]} Bc6 {[%emt 0:00:07]} 28. c3 {[%emt 0:00:11]} e5 {[%emt 0:00:05]} 29. Rc4 {[%emt 0:00:08]} Bxb5 {[%emt 0:00:02]} 30. Rxc5+ {[%emt 0:00:02]} Qxc5 {[%emt 0:00:02]} 31. Qg4+ {[%emt 0:00:02]} Kb8 {[%emt 0:00:02]} 32. Bxb5 {[%emt 0:00:02]} Qxb5 {[%emt 0:00:02]} 1-0

[Event "RUS-ch Men Blitz 2019"]
[Site "Sochi"]
[Date "2019.10.17"]
[Round "11.17"]
[White "Khegay, Dmitriy"]
[Black "Derjabin, Ilja"]
[Result "1-0"]
[WhiteElo "2509"]
[BlackElo "2333"]
[Annotator "ChessBase"]
[PlyCount "70"]
[EventDate "2019.10.17"]
[EventType "swiss"]
[EventCountry "RUS"]
[SourceTitle "playchess.com"]
[Source "ChessBase"]
[SourceQuality "1"]
[TimeControl "180+2"]

1. e4 e6 {[%emt 0:00:00]} 2. d4 {[%emt 0:00:01]} d5 {[%emt 0:00:00]} 3. Bd3 {[%emt 0:00:01]} c5 {[%emt 0:00:02]} 4. exd5 {[%emt 0:00:02]} exd5 {[%emt 0:00:01]} 5. Nf3 {[%emt 0:00:02]} c4 {[%emt 0:00:05]} 6. Be2 {[%emt 0:00:01]} Bd6 {[%emt 0:00:01]} 7. O-O {[%emt 0:00:03]} Ne7 {[%emt 0:00:00]} 8. b3 {[%emt 0:00:01]} cxb3 {[%emt 0:00:01]} 9. axb3 {[%emt 0:00:00]} Nbc6 {[%emt 0:00:01]} 10. h3 {[%emt 0:00:12]} O-O {[%emt 0:00:03]} 11. c4 {[%emt 0:00:01]} Bf5 {[%emt 0:00:03]} 12. Nc3 {[%emt 0:00:04]} Re8 {[%emt 0:00:04]} 13. Be3 {[%emt 0:00:11]} Bb4 {[%emt 0:00:09]} 14. Nxd5 {[%emt 0:00:32]} Nxd5 {[%emt 0:00:07]} 15. cxd5 {[%emt 0:00:02]} Qxd5 {[%emt 0:00:07]} 16. Bc4 {[%emt 0:00:00]} Qd7 {[%emt 0:00:04]} 17. d5 {[%emt 0:00:04]} Na5 {[%emt 0:00:18]} 18. Nd4 {[%emt 0:00:16]} Nxc4 {[%emt 0:00:04]} 19. bxc4 {[%emt 0:00:01]} Bg6 20. Nb3 {[%emt 0:00:33]} b6 {[%emt 0:00:21]} 21. Nd4 {[%emt 0:00:04]} Bc5 {[%emt 0:00:14]} 22. Nc6 {[%emt 0:00:12]} Bxe3 {[%emt 0:00:16]} 23. fxe3 {[%emt 0:00:01]} Rxe3 {[%emt 0:00:01]} 24. Qd4 {[%emt 0:00:01]} Re4 {[%emt 0:00:02]} 25. Qc3 {[%emt 0:00:27]} Qd6 {[%emt 0:00:16]} 26. Kh1 {[%emt 0:00:24]} Qc5 {[%emt 0:00:04]} 27. Nxa7 {[%emt 0:00:21]} Rxc4 28. Qe5 h6 {[%emt 0:00:40]} 29. Nc6 {[%emt 0:00:06]} Rxa1 {[%emt 0:00:02]} 30. Rxa1 {[%emt 0:00:01]} Kh7 {[%emt 0:00:07]} 31. Ra8 {[%emt 0:00:03]} Rc1+ {[%emt 0:00:02]} 32. Kh2 {[%emt 0:00:02]} Qg1+ {[%emt 0:00:03]} 33. Kg3 {[%emt 0:00:01]} Rc2 {[%emt 0:00:07]} 34. Qb8 {[%emt 0:00:12]} Qxg2+ {[%emt 0:00:05]} 35. Kf4 {[%emt 0:00:01]} Qe4+ {[%emt 0:00:02]} 1-0

[Event "RUS-ch Men Blitz 2019"]
[Site "Sochi"]
[Date "2019.10.17"]
[Round "11.18"]
[White "Zakhartsov, Vladimir"]
[Black "Shubin, Kirill"]
[Result "0-1"]
[WhiteElo "2514"]
[BlackElo "2416"]
[Annotator "ChessBase"]
[PlyCount "96"]
[EventDate "2019.10.17"]
[EventType "swiss"]
[EventCountry "RUS"]
[SourceTitle "playchess.com"]
[Source "ChessBase"]
[SourceQuality "1"]
[TimeControl "180+2"]

1. e4 {[%emt 0:00:00]} e6 {[%emt 0:00:00]} 2. d4 d5 3. Nd2 {[%emt 0:00:00]} Be7 {[%emt 0:00:00]} 4. Bd3 {[%emt 0:00:01]} c5 {[%emt 0:00:03]} 5. dxc5 {[%emt 0:00:02]} Nf6 {[%emt 0:00:02]} 6. Qe2 {[%emt 0:00:01]} O-O {[%emt 0:00:02]} 7. Ngf3 {[%emt 0:00:01]} a5 {[%emt 0:00:01]} 8. O-O {[%emt 0:00:09]} Na6 {[%emt 0:00:04]} 9. e5 {[%emt 0:00:06]} Nd7 {[%emt 0:00:01]} 10. c3 {[%emt 0:00:01]} Naxc5 {[%emt 0:00:03]} 11. Bc2 {[%emt 0:00:03]} b5 {[%emt 0:00:02]} 12. Nd4 {[%emt 0:00:21]} Ba6 {[%emt 0:00:10]} 13. b4 {[%emt 0:00:33]} axb4 {[%emt 0:00:33]} 14. cxb4 {[%emt 0:00:01]} Na4 {[%emt 0:00:01]} 15. a3 {[%emt 0:00:08]} Nab6 {[%emt 0:00:17]} 16. f4 {[%emt 0:00:35]} Nc4 {[%emt 0:00:08]} 17. Nxc4 {[%emt 0:00:07]} bxc4 {[%emt 0:00:08]} 18. Rf3 {[%emt 0:00:04]} g6 {[%emt 0:00:24]} 19. Be3 {[%emt 0:00:23]} Bb7 {[%emt 0:00:10]} 20. Qe1 {[%emt 0:00:19]} Re8 {[%emt 0:00:07]} 21. h3 {[%emt 0:00:08]} Bf8 {[%emt 0:00:07]} 22. Kh2 {[%emt 0:00:02]} Bg7 {[%emt 0:00:06]} 23. Nb5 {[%emt 0:00:02]} Bf8 {[%emt 0:00:10]} 24. Bd4 {[%emt 0:00:07]} Qb8 {[%emt 0:00:17]} 25. Qh4 {[%emt 0:00:10]} Bc6 {[%emt 0:00:06]} 26. Nc3 {[%emt 0:00:12]} Be7 {[%emt 0:00:10]} 27. Qh6 {[%emt 0:00:03]} Bf8 {[%emt 0:00:01]} 28. Qh4 {[%emt 0:00:01]} Be7 {[%emt 0:00:00]} 29. Qe1 {[%emt 0:00:03]} Qd8 {[%emt 0:00:06]} 30. Qb1 {[%emt 0:00:08]} Bf8 {[%emt 0:00:04]} 31. Qb2 {[%emt 0:00:01]} Bg7 {[%emt 0:00:03]} 32. b5 {[%emt 0:00:04]} Bb7 33. a4 f6 {[%emt 0:00:04]} 34. exf6 {[%emt 0:00:04]} Bxf6 {[%emt 0:00:03]} 35. Ne2 {[%emt 0:00:00]} Bxd4 {[%emt 0:00:06]} 36. Qxd4 {[%emt 0:00:02]} e5 {[%emt 0:00:18]} 37. fxe5 {[%emt 0:00:02]} Nxe5 {[%emt 0:00:01]} 38. Rg3 {[%emt 0:00:01]} Qf6 {[%emt 0:00:01]} 39. a5 {[%emt 0:00:05]} Rab8 {[%emt 0:00:09]} 40. a6 {[%emt 0:00:04]} Ba8 {[%emt 0:00:01]} 41. a7 {[%emt 0:00:01]} Rxb5 {[%emt 0:00:06]} 42. Ba4 {[%emt 0:00:02]} Rb2 {[%emt 0:00:02]} 43. Qxb2 {[%emt 0:00:03]} Nf3+ {[%emt 0:00:01]} 44. Rxf3 {[%emt 0:00:02]} Qxb2 {[%emt 0:00:00]} 45. Raf1 {[%emt 0:00:04]} Rxe2 {[%emt 0:00:03]} 46. Rf8+ {[%emt 0:00:02]} Kg7 {[%emt 0:00:01]} 47. R8f7+ {[%emt 0:00:00]} Kh6 {[%emt 0:00:01]} 48. Rg1 {[%emt 0:00:02]} d4 {[%emt 0:00:03]} 0-1

[Event "RUS-ch Men Blitz 2019"]
[Site "Sochi"]
[Date "2019.10.17"]
[Round "11.19"]
[White "Papin, Vasily"]
[Black "Pogromsky, Mikhail"]
[Result "1-0"]
[WhiteElo "2481"]
[BlackElo "2411"]
[Annotator "ChessBase"]
[PlyCount "97"]
[EventDate "2019.10.17"]
[EventType "swiss"]
[EventCountry "RUS"]
[SourceTitle "playchess.com"]
[Source "ChessBase"]
[SourceQuality "1"]
[TimeControl "180+2"]

1. c4 {[%emt 0:00:00]} e6 {[%emt 0:00:04]} 2. g3 {[%emt 0:00:00]} d5 {[%emt 0:00:01]} 3. Bg2 {[%emt 0:00:01]} Nf6 {[%emt 0:00:01]} 4. Nf3 {[%emt 0:00:01]} g6 {[%emt 0:00:01]} 5. b3 {[%emt 0:00:13]} Bg7 {[%emt 0:00:01]} 6. Bb2 {[%emt 0:00:00]} O-O {[%emt 0:00:12]} 7. O-O {[%emt 0:00:02]} b6 {[%emt 0:00:03]} 8. cxd5 {[%emt 0:00:14]} exd5 {[%emt 0:00:01]} 9. d4 {[%emt 0:00:06]} Bb7 {[%emt 0:00:10]} 10. Nc3 {[%emt 0:00:02]} Re8 {[%emt 0:00:14]} 11. Rc1 {[%emt 0:00:01]} c6 {[%emt 0:00:02]} 12. Ne5 {[%emt 0:00:09]} Nfd7 {[%emt 0:00:16]} 13. Nf3 {[%emt 0:00:26]} Na6 {[%emt 0:00:18]} 14. Re1 {[%emt 0:00:07]} f5 {[%emt 0:00:01]} 15. Ba3 {[%emt 0:00:08]} Qf6 {[%emt 0:00:19]} 16. e3 {[%emt 0:00:01]} Nc7 {[%emt 0:00:03]} 17. Qd2 {[%emt 0:00:08]} a5 {[%emt 0:00:08]} 18. Na4 {[%emt 0:00:06]} Nb5 {[%emt 0:00:07]} 19. Bb2 {[%emt 0:00:03]} Qd8 {[%emt 0:00:17]} 20. Red1 {[%emt 0:00:26]} Nd6 {[%emt 0:00:03]} 21. Ne5 {[%emt 0:00:02]} Nxe5 {[%emt 0:00:07]} 22. dxe5 {[%emt 0:00:01]} Ne4 {[%emt 0:00:05]} 23. Qd3 {[%emt 0:00:21]} b5 {[%emt 0:00:12]} 24. Nc5 {[%emt 0:00:07]} Nxc5 {[%emt 0:00:02]} 25. Rxc5 {[%emt 0:00:00]} Bxe5 {[%emt 0:00:02]} 26. Bxe5 {[%emt 0:00:06]} Rxe5 {[%emt 0:00:00]} 27. a4 {[%emt 0:00:01]} Qd6 {[%emt 0:00:11]} 28. Qd4 {[%emt 0:00:05]} b4 {[%emt 0:00:23]} 29. Rdc1 {[%emt 0:00:02]} Ree8 {[%emt 0:00:07]} 30. Rxc6 {[%emt 0:00:33]} Bxc6 {[%emt 0:00:05]} 31. Rxc6 {[%emt 0:00:01]} Qe5 {[%emt 0:00:02]} 32. Qc5 {[%emt 0:00:18]} Red8 {[%emt 0:00:10]} 33. Rc7 {[%emt 0:00:03]} Kh8 {[%emt 0:00:10]} 34. h4 {[%emt 0:00:05]} Qa1+ {[%emt 0:00:06]} 35. Kh2 {[%emt 0:00:01]} Qe5 {[%emt 0:00:01]} 36. Bf1 {[%emt 0:00:04]} Kg8 {[%emt 0:00:02]} 37. Bg2 Kh8 38. Qc6 {[%emt 0:00:07]} Qd6 {[%emt 0:00:03]} 39. Qb7 {[%emt 0:00:01]} Qf6 {[%emt 0:00:03]} 40. Rxh7+ Kg8 41. Bxd5+ {[%emt 0:00:06]} Rxd5 {[%emt 0:00:01]} 42. Qxd5+ {[%emt 0:00:01]} Kxh7 {[%emt 0:00:01]} 43. Qxa8 {[%emt 0:00:00]} Qc3 {[%emt 0:00:01]} 44. Qd5 {[%emt 0:00:02]} Qc2 {[%emt 0:00:05]} 45. Kg2 {[%emt 0:00:01]} Qc3 {[%emt 0:00:01]} 46. h5 {[%emt 0:00:02]} gxh5 {[%emt 0:00:01]} 47. Qxf5+ {[%emt 0:00:00]} Kh6 {[%emt 0:00:01]} 48. Qe6+ {[%emt 0:00:03]} Kg7 {[%emt 0:00:01]} 49. e4 {[%emt 0:00:01]} 1-0

[Event "RUS-ch Men Blitz 2019"]
[Site "Sochi"]
[Date "2019.10.17"]
[Round "11.20"]
[White "Gurvich, Vitaly"]
[Black "Potapov, Pavel"]
[Result "0-1"]
[WhiteElo "2278"]
[BlackElo "2489"]
[Annotator "ChessBase"]
[PlyCount "94"]
[EventDate "2019.10.17"]
[EventType "swiss"]
[EventCountry "RUS"]
[SourceTitle "playchess.com"]
[Source "ChessBase"]
[SourceQuality "1"]
[TimeControl "180+2"]

1. c4 {[%emt 0:00:00]} f5 {[%emt 0:00:00]} 2. g3 {[%emt 0:00:01]} Nf6 {[%emt 0:00:00]} 3. Bg2 {[%emt 0:00:01]} g6 {[%emt 0:00:01]} 4. Nc3 {[%emt 0:00:01]} Bg7 {[%emt 0:00:01]} 5. d4 {[%emt 0:00:01]} O-O {[%emt 0:00:04]} 6. Nf3 {[%emt 0:00:01]} d6 {[%emt 0:00:01]} 7. O-O {[%emt 0:00:02]} c6 {[%emt 0:00:01]} 8. Qb3 {[%emt 0:00:08]} Kh8 {[%emt 0:00:05]} 9. Rd1 {[%emt 0:00:01]} Na6 {[%emt 0:00:07]} 10. Qa3 {[%emt 0:00:12]} Nc7 {[%emt 0:00:03]} 11. b4 {[%emt 0:00:02]} Qe8 {[%emt 0:00:07]} 12. Bf4 {[%emt 0:00:46]} Nh5 {[%emt 0:00:10]} 13. c5 {[%emt 0:00:43]} Nxf4 {[%emt 0:00:17]} 14. gxf4 {[%emt 0:00:01]} Be6 {[%emt 0:00:39]} 15. e3 {[%emt 0:00:07]} Bg8 {[%emt 0:00:05]} 16. cxd6 {[%emt 0:00:23]} exd6 {[%emt 0:00:01]} 17. b5 {[%emt 0:00:00]} Nxb5 {[%emt 0:01:01]} 18. Nxb5 {[%emt 0:00:01]} cxb5 {[%emt 0:00:00]} 19. Qxd6 {[%emt 0:00:02]} Rf6 {[%emt 0:00:11]} 20. Qb4 {[%emt 0:00:06]} a5 {[%emt 0:00:02]} 21. Qd2 {[%emt 0:00:03]} b4 {[%emt 0:00:05]} 22. Ne5 {[%emt 0:00:04]} Rb6 {[%emt 0:00:05]} 23. Rab1 {[%emt 0:00:08]} Rd8 {[%emt 0:00:02]} 24. a3 {[%emt 0:00:09]} Qa4 {[%emt 0:00:12]} 25. axb4 {[%emt 0:00:07]} axb4 {[%emt 0:00:01]} 26. Nd3 {[%emt 0:00:14]} b3 {[%emt 0:00:09]} 27. Nc5 {[%emt 0:00:02]} Qb5 {[%emt 0:00:07]} 28. Rb2 {[%emt 0:00:16]} h6 {[%emt 0:00:08]} 29. Bf1 {[%emt 0:00:09]} Qb4 {[%emt 0:00:03]} 30. Qxb4 {[%emt 0:00:03]} Rxb4 {[%emt 0:00:01]} 31. Rdb1 {[%emt 0:00:00]} g5 {[%emt 0:00:06]} 32. fxg5 {[%emt 0:00:02]} hxg5 {[%emt 0:00:00]} 33. Nxb3 {[%emt 0:00:01]} f4 {[%emt 0:00:02]} 34. Nc5 {[%emt 0:00:04]} Rxb2 {[%emt 0:00:01]} 35. Rxb2 {[%emt 0:00:01]} fxe3 {[%emt 0:00:02]} 36. fxe3 {[%emt 0:00:00]} Rxd4 {[%emt 0:00:02]} 37. Rxb7 {[%emt 0:00:04]} Rd1 {[%emt 0:00:06]} 38. Kf2 {[%emt 0:00:05]} Rd2+ {[%emt 0:00:00]} 39. Kf3 {[%emt 0:00:03]} Bd5+ {[%emt 0:00:02]} 40. e4 {[%emt 0:00:02]} Bxb7 {[%emt 0:00:01]} 41. Kg4 {[%emt 0:00:02]} Bc8+ {[%emt 0:00:01]} 42. Kxg5 {[%emt 0:00:02]} Rxh2 {[%emt 0:00:02]} 43. Bb5 {[%emt 0:00:02]} Bh6+ {[%emt 0:00:03]} 44. Kf6 {[%emt 0:00:01]} Rh5 {[%emt 0:00:02]} 45. e5 {[%emt 0:00:03]} Bg7+ {[%emt 0:00:01]} 46. Kf7 {[%emt 0:00:01]} Rxe5 {[%emt 0:00:02]} 47. Bd7 {[%emt 0:00:03]} Rxc5 0-1